Kształty państw do góry nogami #8 - Statystyki

Ogólne statystyki
  • Ten quiz został rozwiązany 120 razy
  • Średni wynik to 8 z 14
Statystyki odpowiedzi
Obrazkowy Odpowiedź % Poprawnych
Norwegia
93%
Malta
72%
Pakistan
71%
Mołdawia
70%
Bośnia i Hercegowina
67%
Peru
62%
Trynidad i Tobago
60%
Liechtenstein
57%
Mikronezja
57%
Burkina Faso
53%
Korea Północna
49%
Zimbabwe
49%
Dominikana
29%
Seszele
24%
Nie znaleziono quizów pasujących do podanych kryteriów
Rozkład punktacji
Procent ludzi z każdym wynikiem
Percentyl według liczby udzielonych odpowiedzi
Twoja historia wyników
Nie rozwiązałeś tego quizu